000
00361nam a22001217a 4500
003
SGT
082
_a
080
_b
S99S
100
_a
श्रीअरविन्द
245
_a
श्रीअरविन्द का बंगला साहित्य
260
_b
श्रीअरविन्द आश्रम
_c
1999
300
_a
528
942
_2
ddc
_c
BK
999
_c
31544
_d
31544